000 00352nam a22001577a 4500
003 MACL
005 20151120151600.0
008 151120b xxu||||| |||| 00| 0 eng d
040 _cMACL
041 _aEnglish
082 _a580
100 _aWanchoo,P.N.
_917629
245 _aGrow Greens Organically
650 _aGardening
_917630
942 _2ddc
_cBK
999 _c50753
_d50753